000 00608nam a2200241Ia 4500
003 OSt
005 20221005114322.0
006 a|||||r|||| 00| 0
007 ta
008 221004b |||||||| |||| 00| 0 eng d
024 _a47117
037 _cTextual
040 _aCRL
_cCRL
_beng
041 _2eng
_aeng
082 _aO111,2M56w, 31K3
100 _aVaradarajan Au.
245 0 _aArignar bernard shaw
260 _c1963
650 _a ENGLISH LITERATURE
650 _aENGLISH DRAMA
942 _hO111,2M56w, 31K3
_cTEXL
_2cc
999 _c1030952
_d1030952